[Event "Czech Chess Christmas 2011"]
[Site "Litomysl"]
[Date "2011.12.27"]
[Round "3.6"]
[White "Drozdowski, Kacper"]
[Black "Hentze, Markus"]
[Result "1-0"]
[WhiteElo "2314"]
[BlackElo "2111"]
[PlyCount "67"]
[EventDate "2011.12.26"]

1. e4 e5 2. Nf3 Nc6 3. Bc4 Bc5 4. c3 d6 5. d4 exd4 6. cxd4 Bb6 7. d5 Ne5 8.
Nxe5 dxe5 9. Nc3 Nf6 10. Bg5 h6 11. Bh4 Qd6 12. Qe2 a6 13. O-O-O Ba5 14. f3
Bxc3 15. bxc3 b5 16. Bb3 Bd7 17. Bf2 O-O 18. g4 a5 19. c4 Qa3+ 20. Qb2 Qxb2+
21. Kxb2 a4 22. Bc2 bxc4 23. Kc3 Rfb8 24. Rb1 Bc8 25. Rxb8 Rxb8 26. Rb1 Ra8 27.
Rb4 a3 28. Rxc4 Ne8 29. Ra4 Rb8 30. Ba7 Rb5 31. Rxa3 Nd6 32. Be3 g6 33. Ra8 Rb7
34. Bc5 1-0

[Event "Czech Chess Christmas 2011"]
[Site "Litomysl"]
[Date "2011.12.27"]
[Round "3.7"]
[White "Hrabal, Michal"]
[Black "Kanovsky, David"]
[Result "0-1"]
[WhiteElo "2031"]
[BlackElo "2453"]
[PlyCount "60"]
[EventDate "2011.12.26"]

1. e4 e6 2. d3 c5 3. Nf3 Nc6 4. g3 d5 5. Nbd2 g6 6. Bg2 Bg7 7. O-O Nf6 8. exd5
Nxd5 9. c3 O-O 10. a4 b6 11. Nc4 Qc7 12. Nfd2 Ba6 13. Qc2 Rad8 14. Rd1 h6 15.
Nb3 Nce7 16. a5 b5 17. Ne3 Kh7 18. Qe2 c4 19. dxc4 bxc4 20. Nd4 Rd7 21. Qg4
Rfd8 22. Bf3 Nf6 23. Qh3 e5 24. Ndc2 Rxd1+ 25. Bxd1 Bb7 26. Nb4 Ne4 27. a6 Ng5
28. Qg4 f5 29. Qe2 Bf3 30. Qc2 f4 0-1

[Event "Czech Chess Christmas 2011"]
[Site "Litomysl"]
[Date "2011.12.27"]
[Round "3.9"]
[White "Wehner, Janis"]
[Black "Kowalczyk, Mariusz"]
[Result "1/2-1/2"]
[WhiteElo "2167"]
[BlackElo "1829"]
[PlyCount "68"]
[EventDate "2011.12.26"]

1. e4 e5 2. Nf3 d6 3. Bc4 Be7 4. O-O Nf6 5. d3 O-O 6. c3 c6 7. Bb3 Nbd7 8. Re1
Qc7 9. Nbd2 Nc5 10. Bc2 Ne6 11. Nf1 Rd8 12. Ng3 g6 13. d4 Ng7 14. h3 Nfh5 15.
Nxh5 Nxh5 16. Bh6 Bf8 17. Qd2 Bg7 18. Bb3 Qe7 19. Bg5 Nf6 20. dxe5 dxe5 21. Qe3
Be6 22. Red1 Bxb3 23. axb3 b6 24. Qe2 h6 25. Bxf6 Bxf6 26. Qc4 Qc7 27. Kf1 Kg7
28. Ke2 Be7 29. b4 b5 30. Qb3 Rxd1 31. Rxd1 a5 32. bxa5 Rxa5 33. Qc2 Ra8 34.
Qd3 Rd8 1/2-1/2

[Event "Czech Chess Christmas 2011"]
[Site "Litomysl"]
[Date "2011.12.27"]
[Round "3.10"]
[White "Seidl, Stepan"]
[Black "Cizinsky, Petr"]
[Result "1-0"]
[WhiteElo "2144"]
[BlackElo "2162"]
[PlyCount "57"]
[EventDate "2011.12.26"]

1. Nf3 Nf6 2. g3 b6 3. Bg2 Bb7 4. d4 e6 5. O-O Be7 6. Re1 O-O 7. Nbd2 c5 8. c3
d5 9. Ne5 Nbd7 10. Ndf3 a5 11. Bf4 Nxe5 12. Nxe5 Nd7 13. Qa4 Nxe5 14. Bxe5 Qe8
15. Qxe8 Rfxe8 16. Bc7 Ra6 17. Bf4 b5 18. Bf1 Rc8 19. dxc5 Rxc5 20. e4 dxe4 21.
a4 Bc6 22. b4 Rf5 23. c4 bxc4 24. b5 Rb6 25. bxc6 e5 26. Rxe4 Rxc6 27. Bxc4
Rxc4 28. Rxc4 exf4 29. Rc8+ 1-0

[Event "Czech Chess Christmas 2011"]
[Site "Litomysl"]
[Date "2011.12.27"]
[Round "3.11"]
[White "Sabol, Marian"]
[Black "Chladek, Vaclav"]
[Result "1-0"]
[WhiteElo "2371"]
[BlackElo "2035"]
[PlyCount "71"]
[EventDate "2011.12.26"]

1. e4 e5 2. Nf3 Nc6 3. Bb5 a6 4. Ba4 Nf6 5. O-O Be7 6. d3 b5 7. Bb3 d6 8. a4
Bd7 9. c3 O-O 10. Qe2 Na5 11. Bc2 c5 12. Ne1 Qc7 13. f4 Nc6 14. Nf3 Bg4 15. h3
Bxf3 16. Qxf3 exf4 17. Bxf4 Ne5 18. Qe2 Nfd7 19. Nd2 Bf6 20. Bb3 Rab8 21. axb5
axb5 22. Bxe5 Nxe5 23. Bd5 Qe7 24. Nb3 Nxd3 25. Qxd3 c4 26. Bxc4 bxc4 27. Qxc4
Qb7 28. Ra3 Rfe8 29. Qd5 Qb6+ 30. Kh1 Re5 31. Qd3 Qc6 32. Nd2 d5 33. exd5 Rxd5
34. Qc4 Qd7 35. Ne4 Rh5 36. Rxf6 1-0

[Event "Czech Chess Christmas 2011"]
[Site "Litomysl"]
[Date "2011.12.27"]
[Round "3.12"]
[White "Novotny, Michal"]
[Black "Krupa, Krzysztof"]
[Result "1/2-1/2"]
[WhiteElo "2337"]
[BlackElo "2025"]
[PlyCount "122"]
[EventDate "2011.12.26"]

1. e4 c5 2. Nf3 Nc6 3. d4 cxd4 4. Nxd4 g6 5. Nb3 Bg7 6. Be2 Nf6 7. Nc3 O-O 8.
O-O d6 9. f4 a5 10. a4 Be6 11. Bb5 Ng4 12. Nd5 Nb4 13. f5 Bxd5 14. Qxg4 Bc6 15.
Bxc6 Nxc6 16. Qe2 Rc8 17. Kh1 Ne5 18. c3 Qc7 19. Bg5 h6 20. Bf4 Qc4 21. Qc2 Qd3
22. Rfc1 Qxc2 23. Rxc2 Nd3 24. Be3 b6 25. Rd2 Ne5 26. Rd5 Nc4 27. Bc1 e6 28.
Rb5 exf5 29. exf5 Rfe8 30. Bf4 Nxb2 31. fxg6 fxg6 32. Rxb6 Bxc3 33. Rf1 Nc4 34.
Rb7 Rf8 35. Rf3 Be5 36. Bxh6 Rxf3 37. gxf3 d5 38. Rd7 Rb8 39. Nc1 Rb2 40. f4
Bf6 41. Rxd5 Rb1 42. Rd1 Nb2 43. Re1 Bc3 44. Rg1 Kh7 45. Bg5 Nxa4 46. Nd3 Rxg1+
47. Kxg1 Nb2 48. Nxb2 Bxb2 49. Kg2 a4 50. Be7 a3 51. Bxa3 Bxa3 52. Kg3 Be7 53.
Kg4 Kg7 54. f5 g5 55. h4 gxh4 56. f6+ Kxf6 57. Kh3 Kf5 58. Kg2 Kg4 59. Kh1 Kg3
60. Kg1 Bc5+ 61. Kh1 Bf2 1/2-1/2

[Event "Czech Chess Christmas 2011"]
[Site "Litomysl"]
[Date "2011.12.27"]
[Round "3.14"]
[White "Kratochvil, Josef"]
[Black "Niemers, Johannes"]
[Result "0-1"]
[WhiteElo "2233"]
[BlackElo "2011"]
[PlyCount "60"]
[EventDate "2011.12.26"]

1. e4 e5 2. Nf3 Nf6 3. Nxe5 d6 4. Nxf7 Kxf7 5. Nc3 c6 6. Bc4+ Be6 7. Bxe6+ Kxe6
8. d4 Be7 9. Bg5 Kf7 10. f4 Rf8 11. Qe2 Kg8 12. O-O-O Nfd7 13. Bxe7 Qxe7 14. f5
d5 15. g4 dxe4 16. Rhe1 Na6 17. Nxe4 Nf6 18. Qf3 Nxe4 19. Rxe4 Qf7 20. Kb1 Rae8
21. Re5 Nb4 22. b3 Qc7 23. Rde1 Rxe5 24. dxe5 Qa5 25. Qc3 Qxa2+ 26. Kc1 Qa3+
27. Kb1 Nd5 28. Qg3 b5 29. e6 b4 30. Re3 Nc3+ 0-1

[Event "Czech Chess Christmas 2011"]
[Site "Litomysl"]
[Date "2011.12.27"]
[Round "3.15"]
[White "Galvanek, Ladislav"]
[Black "Goluch, Piotr"]
[Result "0-1"]
[WhiteElo "2000"]
[BlackElo "2203"]
[PlyCount "58"]
[EventDate "2011.12.26"]

1. d4 c5 2. c3 Nf6 3. Nf3 b6 4. g3 Bb7 5. Bg2 e6 6. O-O Be7 7. Nbd2 O-O 8. Ne1
d5 9. dxc5 bxc5 10. Qb3 Ba6 11. c4 Nc6 12. Qa4 Qb6 13. Nc2 Rac8 14. cxd5 exd5
15. Re1 c4 16. Ne3 Bc5 17. Ndf1 Bb5 18. Qd1 d4 19. Nf5 g6 20. Bg5 Ne5 21. a4
gxf5 22. axb5 Ne4 23. Bxe4 fxe4 24. Nd2 e3 25. fxe3 dxe3 26. Ne4 Nf3+ 27. Kf1
Nxg5 28. Nxg5 Bb4 29. Ra6 Qxb5 0-1

[Event "Czech Chess Christmas 2011"]
[Site "Litomysl"]
[Date "2011.12.28"]
[Round "4.1"]
[White "Burdalev, Kirill"]
[Black "Bulski, Krzysztof"]
[Result "1/2-1/2"]
[WhiteElo "2314"]
[BlackElo "2519"]
[PlyCount "31"]
[EventDate "2011.12.26"]

1. Nf3 Nf6 2. c4 g6 3. Nc3 d5 4. cxd5 Nxd5 5. e4 Nxc3 6. dxc3 Qxd1+ 7. Kxd1 f6
8. Be3 e5 9. Nd2 Be6 10. Bc4 Kf7 11. Kc2 Nd7 12. Bxe6+ Kxe6 13. Nb3 a5 14. a4
b6 15. Rad1 Be7 16. f3 1/2-1/2

[Event "Czech Chess Christmas 2011"]
[Site "Litomysl"]
[Date "2011.12.28"]
[Round "4.2"]
[White "Zeberski, Jakub"]
[Black "Drozdowski, Kacper"]
[Result "1/2-1/2"]
[WhiteElo "2360"]
[BlackElo "2314"]
[PlyCount "112"]
[EventDate "2011.12.26"]

1. e4 Nf6 2. e5 Nd5 3. d4 d6 4. Nf3 Bg4 5. Be2 c6 6. c4 Nb6 7. Nbd2 Bxf3 8.
Nxf3 dxe5 9. Nxe5 N8d7 10. Nf3 e6 11. O-O Qc7 12. Bg5 Be7 13. Bxe7 Kxe7 14. Qd3
h6 15. Qa3+ c5 16. dxc5 Qxc5 17. b4 Qc7 18. Rad1 Rhd8 19. Rd4 Rac8 20. Rfd1 a6
21. Qe3 Nf6 22. Ne5 Nbd7 23. Nxd7 Rxd7 24. Rxd7+ Nxd7 25. c5 Nf6 26. Bf3 Rd8
27. Rxd8 Qxd8 28. g3 Qc7 29. c6 bxc6 30. Qc5+ Qd6 31. Qxc6 Qxc6 32. Bxc6 Kd6
33. Bb7 Nd5 34. a3 Nc7 35. f4 Nb5 36. a4 Nc3 37. a5 Nd5 38. Bxa6 Nxb4 39. Be2
Nc6 40. a6 Kc7 41. Kf2 Kb6 42. Ke3 Nb4 43. Kd4 f6 44. Bc4 Nc6+ 45. Ke4 Ne7 46.
h4 Ka7 47. g4 Kb6 48. g5 hxg5 49. hxg5 Ka7 50. Bd3 Kb6 51. Kd4 Nc6+ 52. Kc4
fxg5 53. fxg5 Ne5+ 54. Kd4 Nf3+ 55. Ke4 Nxg5+ 56. Ke5 Nf3+ 1/2-1/2

[Event "Czech Chess Christmas 2011"]
[Site "Litomysl"]
[Date "2011.12.28"]
[Round "4.4"]
[White "Kanovsky, David"]
[Black "Sabol, Marian"]
[Result "1/2-1/2"]
[WhiteElo "2453"]
[BlackElo "2371"]
[PlyCount "39"]
[EventDate "2011.12.26"]

1. e4 e5 2. Nf3 Nc6 3. Bc4 Bc5 4. O-O Nf6 5. d4 Bxd4 6. Nxd4 Nxd4 7. f4 d6 8.
fxe5 dxe5 9. Bg5 Be6 10. Na3 Qe7 11. c3 Bxc4 12. Nxc4 Ne6 13. Bxf6 Qc5+ 14. Kh1
Qxc4 15. Bxe5 O-O 16. Qd5 Qe2 17. Rae1 Qxb2 18. Rb1 Qe2 19. Rfe1 Qf2 20. Rf1
1/2-1/2

[Event "Czech Chess Christmas 2011"]
[Site "Litomysl"]
[Date "2011.12.28"]
[Round "4.5"]
[White "Jasny, Stanislav"]
[Black "Seidl, Stepan"]
[Result "1/2-1/2"]
[WhiteElo "2348"]
[BlackElo "2144"]
[PlyCount "152"]
[EventDate "2011.12.26"]

1. e4 c5 2. Nf3 Nc6 3. d4 cxd4 4. Nxd4 g6 5. Nc3 Bg7 6. Nb3 Nf6 7. Be2 O-O 8.
O-O a5 9. a4 Nb4 10. Bf3 d6 11. Re1 Be6 12. Nd4 Bc4 13. b3 Ba6 14. Ncb5 Nc6 15.
Bb2 Ne5 16. c4 Nfd7 17. Be2 Nc5 18. Bf1 Qb6 19. Rb1 Nc6 20. Nc2 Bxb2 21. Rxb2
Ne6 22. Nc3 Qd8 23. Nd5 Rb8 24. Qd2 b6 25. Qh6 Bc8 26. Re3 Re8 27. f4 Nf8 28.
Qg5 Be6 29. Na3 Nd4 30. Rd2 Nc6 31. Nb5 Rb7 32. h4 Na7 33. Nd4 f6 34. Qh6 Bc8
35. e5 dxe5 36. fxe5 fxe5 37. Nf3 e6 38. Nc3 Rd7 39. Red3 Nc6 40. Ne4 Qe7 41.
Qg5 Rxd3 42. Rxd3 Qxg5 43. hxg5 Rd8 44. Nf6+ Kg7 45. Rxd8 Nxd8 46. Nxe5 h6 47.
Ne8+ Kh7 48. Nd6 Bb7 49. gxh6 Kxh6 50. Kf2 Kg7 51. Ke3 Kf6 52. Kd4 Ke7 53. c5
bxc5+ 54. Kxc5 Bd5 55. Ndc4 Nb7+ 56. Kb6 Nd7+ 57. Nxd7 Kxd7 58. Ne5+ Kd6 59.
Nxg6 Nc5 60. Bc4 Nxb3 61. Bxb3 Bxb3 62. Kxa5 e5 63. Kb4 Bf7 64. Nh4 Bd5 65.
Nf5+ Ke6 66. Ne3 Ba8 67. Kc5 e4 68. a5 Ke5 69. g3 Bb7 70. Kb6 Ba8 71. a6 Kd4
72. Nf5+ Ke5 73. Ne3 Kd4 74. Ka7 Kxe3 75. Kxa8 Kf2 76. a7 e3 1/2-1/2

[Event "Czech Chess Christmas 2011"]
[Site "Litomysl"]
[Date "2011.12.28"]
[Round "4.6"]
[White "Svana, Peter"]
[Black "Liuba, Volodymyr"]
[Result "1-0"]
[WhiteElo "2258"]
[BlackElo "2108"]
[PlyCount "141"]
[EventDate "2011.12.26"]

1. Nf3 Nf6 2. c4 e6 3. g3 d5 4. Bg2 Be7 5. O-O O-O 6. d4 dxc4 7. Qa4 a6 8. Qxc4
b5 9. Qc2 Bb7 10. Bd2 Bd6 11. Nc3 Nbd7 12. Bg5 c5 13. Rad1 c4 14. d5 Qc7 15.
dxe6 fxe6 16. Nh4 Bc5 17. Ne4 Nxe4 18. Bxe4 Bxe4 19. Qxe4 Rae8 20. Nf3 Nf6 21.
Bxf6 gxf6 22. Rd2 Rf7 23. Rfd1 Qb6 24. e3 Qc7 25. a4 Bb4 26. Rc2 Rd7 27. Ra1 f5
28. Qh4 Qd8 29. Qh5 Rd1+ 30. Rxd1 Qxd1+ 31. Kg2 Qd7 32. Ng5 Rf8 33. Rc1 Qd5+
34. e4 Qb7 35. f3 Bd2 36. Rd1 Bxg5 37. Qxg5+ Qg7 38. Qxg7+ Kxg7 39. e5 Rb8 40.
a5 b4 41. Rc1 Rc8 42. Kf2 Rc5 43. f4 Rxa5 44. Rxc4 Ra4 45. Ke2 a5 46. Kd2 Ra1
47. Rc7+ Kf8 48. Rxh7 a4 49. Rb7 Rh1 50. Rxb4 Rxh2+ 51. Kc3 Rg2 52. Rxa4 Rxg3+
53. Kc4 Rf3 54. Kc5 Rb3 55. Rb4 Rf3 56. Rb7 Rxf4 57. Kd6 Rd4+ 58. Kxe6 f4 59.
Kf6 Ke8 60. Re7+ Kd8 61. Ke6 f3 62. Rf7 Rb4 63. Rf8+ Kc7 64. Rxf3 Rxb2 65. Ke7
Rc2 66. e6 Rc1 67. Rb3 Rf1 68. Rc3+ Kb8 69. Rc6 Kb7 70. Kd7 Re1 71. Rd6 1-0

[Event "Czech Chess Christmas 2011"]
[Site "Litomysl"]
[Date "2011.12.28"]
[Round "4.7"]
[White "Ruzicka, Vaclav"]
[Black "Vrana, Frantisek"]
[Result "1-0"]
[WhiteElo "2065"]
[BlackElo "2245"]
[PlyCount "73"]
[EventDate "2011.12.26"]

1. c4 Nf6 2. Nc3 g6 3. e4 d6 4. d3 Bg7 5. g3 Nc6 6. Bg2 Nd4 7. h3 c5 8. Nge2
O-O 9. Be3 Ne8 10. Qd2 a6 11. f4 Rb8 12. Rb1 Nc7 13. O-O b5 14. cxb5 Ncxb5 15.
Nxb5 Rxb5 16. Nc3 Rb8 17. g4 f5 18. gxf5 gxf5 19. Kh2 Kh8 20. Qf2 Ne6 21. Ne2
Rb4 22. b3 Qe8 23. a3 Rb8 24. d4 cxd4 25. Nxd4 fxe4 26. Bxe4 Nxf4 27. Nc6 Bf5
28. Qxf4 Qxc6 29. Bxc6 Bxb1 30. Qc4 Rxf1 31. Qxf1 Rxb3 32. Bd5 Rb2+ 33. Kh1 Bg6
34. Qxa6 Rb8 35. Qa7 Rc8 36. Qxe7 Re8 37. Qa7 1-0

[Event "Czech Chess Christmas 2011"]
[Site "Litomysl"]
[Date "2011.12.28"]
[Round "4.9"]
[White "Niemers, Johannes"]
[Black "Balacek, Tadeas"]
[Result "1-0"]
[WhiteElo "2011"]
[BlackElo "2235"]
[PlyCount "31"]
[EventDate "2011.12.26"]

1. e4 c5 2. Nf3 e6 3. d4 cxd4 4. Nxd4 a6 5. g3 d5 6. Bg2 dxe4 7. Bxe4 Nf6 8.
Bf3 Be7 9. O-O O-O 10. c4 e5 11. Nc2 Qc7 12. Qe2 Be6 13. b3 e4 14. Bg2 Qe5 15.
Bf4 Qxa1 16. Nxa1 1-0

[Event "Czech Chess Christmas 2011"]
[Site "Litomysl"]
[Date "2011.12.28"]
[Round "4.10"]
[White "Goluch, Piotr"]
[Black "Halamus, Agata"]
[Result "1-0"]
[WhiteElo "2203"]
[BlackElo "2060"]
[PlyCount "81"]
[EventDate "2011.12.26"]

1. e4 e5 2. Nf3 Nc6 3. Bb5 a6 4. Ba4 Nf6 5. O-O Be7 6. Re1 b5 7. Bb3 O-O 8. h3
d6 9. c3 Na5 10. Bc2 c5 11. d4 cxd4 12. cxd4 Nc6 13. Nc3 exd4 14. Nxd4 Nxd4 15.
Qxd4 Bb7 16. Bg5 Rc8 17. a4 Rc5 18. Bh4 Nh5 19. Bxe7 Qxe7 20. axb5 axb5 21. g3
Qg5 22. h4 Qf6 23. Red1 Qxd4 24. Rxd4 Nf6 25. Bd3 d5 26. e5 Nd7 27. f4 Bc6 28.
Ra3 Ra8 29. Rxa8+ Bxa8 30. Bxb5 Nb6 31. Rb4 Rc8 32. Ba6 Rb8 33. Bf1 Rb7 34. Bg2
Nc4 35. Rxc4 dxc4 36. Bxb7 Bxb7 37. Kf2 Kf8 38. Ke3 Ke7 39. Kd4 Ke6 40. Nb5 f6
41. Nd6 1-0

[Event "Czech Chess Christmas 2011"]
[Site "Litomysl"]
[Date "2011.12.28"]
[Round "4.11"]
[White "Pulpan, Jakub"]
[Black "Pekar, Vaclav"]
[Result "1-0"]
[WhiteElo "1988"]
[BlackElo "2170"]
[PlyCount "103"]
[EventDate "2011.12.26"]

1. e4 Nc6 2. d4 d5 3. e5 f6 4. Nf3 Bg4 5. Be2 e6 6. exf6 Nxf6 7. Bg5 Bd6 8. O-O
O-O 9. Nbd2 Qe8 10. Bh4 Qh5 11. Bg3 Bxg3 12. hxg3 Ne4 13. Re1 Nxd4 14. Nxe4
Nxe2+ 15. Qxe2 Rxf3 16. Nd2 Rf6 17. f3 Rh6 18. fxg4 Qh2+ 19. Kf2 Rf8+ 20. Nf3
e5 21. Qxe5 c6 22. Qe8 Rxe8 23. Rxe8+ Kf7 24. Nxh2 Kxe8 25. Nf3 Kd7 26. g5 Re6
27. Re1 Rxe1 28. Kxe1 c5 29. Ke2 Ke6 30. g4 d4 31. Kd3 Kd5 32. Nd2 b5 33. c4+
dxc3 34. Kxc3 a6 35. b3 Ke5 36. g3 Kd5 37. Kd3 g6 38. Ne4 c4+ 39. bxc4+ bxc4+
40. Ke3 c3 41. Nxc3+ Kc4 42. Ne4 Kb4 43. Nf6 Ka3 44. Nxh7 Kxa2 45. Nf8 a5 46.
Nxg6 a4 47. Ne5 Kb3 48. g6 a3 49. g7 a2 50. g8=Q+ Kb2 51. Kd2 Ka1 52. Nd3 1-0

[Event "Czech Chess Christmas 2011"]
[Site "Litomysl"]
[Date "2011.12.28"]
[Round "4.12"]
[White "Dzikowski, Michal"]
[Black "Wehner, Janis"]
[Result "1-0"]
[WhiteElo "1764"]
[BlackElo "2167"]
[PlyCount "85"]
[EventDate "2011.12.26"]

1. Nf3 c5 2. Nc3 Nc6 3. b3 g6 4. Bb2 Bg7 5. e3 e6 6. Qc1 Nf6 7. Ne4 d6 8. Bb5
O-O 9. Bxc6 bxc6 10. Ng3 e5 11. e4 Bg4 12. d3 h5 13. Qd2 Bxf3 14. gxf3 h4 15.
Ne2 Kh7 16. Qg5 Nh5 17. Bc1 f5 18. Qg2 Qf6 19. Bg5 h3 20. Qg1 Qf7 21. Be3 fxe4
22. fxe4 Qf3 23. Qf1 Bh6 24. Kd2 Rad8 25. Re1 Qxf2 26. Bxh6 Kxh6 27. Qxh3 Rf3
28. Qg4 Rdf8 29. Rhg1 R3f6 30. Rg2 Qf3 31. Qg5+ Kh7 32. Reg1 Nf4 33. Nxf4 Qxf4+
34. Qxf4 exf4 35. Rf2 Kh6 36. Ke2 g5 37. Kf3 Rg6 38. Rfg2 Rfg8 39. Rg4 Kh5 40.
Rh1 Kh6 41. h4 Kg7 42. hxg5 Kf7 43. Kxf4 1-0

[Event "Czech Chess Christmas 2011"]
[Site "Litomysl"]
[Date "2011.12.28"]
[Round "4.14"]
[White "Kowalczyk, Mariusz"]
[Black "Kowalczyk, Rafal"]
[Result "1/2-1/2"]
[WhiteElo "1829"]
[BlackElo "2130"]
[PlyCount "73"]
[EventDate "2011.12.26"]

1. d4 d5 2. g3 Nf6 3. Bg2 e6 4. Nf3 c5 5. c3 Nc6 6. O-O Be7 7. Nbd2 O-O 8. Nb3
b6 9. Ne5 Bb7 10. Nxc6 Bxc6 11. f3 Qd7 12. Bg5 a5 13. Nc1 h6 14. Bf4 Bd6 15.
Nd3 Bxf4 16. Nxf4 Qd6 17. Nd3 Nd7 18. Re1 Rad8 19. Qd2 f6 20. Rac1 e5 21. e3 b5
22. Red1 e4 23. fxe4 dxe4 24. Nf4 g5 25. d5 gxf4 26. dxc6 Qxc6 27. gxf4 f5 28.
Bf1 Nf6 29. Qxd8 Rxd8 30. Rxd8+ Kf7 31. Be2 c4 32. Rcd1 Ke7 33. Kf2 Ne8 34.
R8d5 Ng7 35. Re5+ Kf7 36. Rdd5 Qf6 37. Kg3 1/2-1/2

[Event "Czech Chess Christmas 2011"]
[Site "Litomysl"]
[Date "2011.12.28"]
[Round "4.15"]
[White "Hentze, Markus"]
[Black "Sokolski, Aleksander"]
[Result "1/2-1/2"]
[WhiteElo "2111"]
[BlackElo "1916"]
[PlyCount "114"]
[EventDate "2011.12.26"]

1. e4 c6 2. d4 g6 3. Nc3 d5 4. e5 Bg7 5. f4 h5 6. Nf3 Bg4 7. Be3 Nh6 8. h3 Bxf3
9. Qxf3 Nf5 10. Bf2 h4 11. O-O-O b5 12. Bd3 e6 13. Bxf5 exf5 14. g4 hxg3 15.
Bxg3 Nd7 16. h4 Rh5 17. Rhe1 Nf8 18. Bf2 Ne6 19. Ne2 Bf8 20. Rh1 Be7 21. Rh3
Kd7 22. Rdh1 Qa5 23. Ng3 Rh7 24. h5 Qxa2 25. c3 Rah8 26. Ne2 b4 27. cxb4 Bxb4
28. hxg6 Rxh3 29. Rxh3 Qc4+ 30. Kd1 Rxh3 31. Qxh3 fxg6 32. Qh7+ Kc8 33. Qh3 Ba5
34. b3 Qb4 35. Qd3 Kb7 36. Kc2 Nc7 37. Nc3 Qxc3+ 38. Qxc3 Bxc3 39. Kxc3 Ne6 40.
Be3 Kb6 41. Kb4 a6 42. Ka4 a5 43. b4 axb4 44. Kxb4 c5+ 45. dxc5+ Kc6 46. Kc3
d4+ 47. Bxd4 Nxf4 48. Kc4 Ne6 49. Bg1 g5 50. Bf2 f4 51. Kd3 Kd5 52. Ke2 Kxe5
53. Kf3 Kd5 54. Kg4 Nxc5 55. Kxg5 Ne6+ 56. Kf5 f3 57. Bg1 Nd4+ 1/2-1/2

[Event "Czech Chess Christmas 2011"]
[Site "Litomysl"]
[Date "2011.12.29"]
[Round "5.2"]
[White "Drozdowski, Kacper"]
[Black "Burdalev, Kirill"]
[Result "1/2-1/2"]
[WhiteElo "2314"]
[BlackElo "2314"]
[PlyCount "106"]
[EventDate "2011.12.26"]

1. e4 e5 2. Nf3 Nc6 3. Bc4 Be7 4. d3 Nf6 5. c3 O-O 6. Bb3 d6 7. Nbd2 Re8 8. Nf1
Na5 9. Bc2 c5 10. Ng3 Nc6 11. O-O Bf8 12. h3 g6 13. Qe2 Bg7 14. Be3 h6 15. a3
Be6 16. Rfd1 Qe7 17. d4 cxd4 18. cxd4 exd4 19. Nxd4 Nxd4 20. Bxd4 Bd7 21. Qd2
Bc6 22. Re1 h5 23. Rad1 a6 24. Bc3 Qe6 25. Qf4 Rad8 26. Ne2 Nxe4 27. Bxg7 Kxg7
28. Ng3 d5 29. Bxe4 dxe4 30. Nxh5+ Kf8 31. Qh6+ Ke7 32. Ng7 Qb3 33. Qh4+ f6 34.
Rc1 Rh8 35. Qf4 Qd5 36. Rxc6 bxc6 37. Rxe4+ Kf7 38. Ne6 Rd7 39. Qe3 Qd1+ 40.
Kh2 Qd6+ 41. g3 Re7 42. Nf4 Rhe8 43. Rd4 Qe5 44. Qb3+ Kg7 45. Qd3 Qf5 46. Qxf5
gxf5 47. Rd6 Rc8 48. b4 Kf7 49. Kg2 a5 50. Nh5 Re6 51. Rd7+ Re7 52. Rd6 Re6 53.
Rd7+ Re7 1/2-1/2

[Event "Czech Chess Christmas 2011"]
[Site "Litomysl"]
[Date "2011.12.29"]
[Round "5.3"]
[White "Kanovsky, David"]
[Black "Zeberski, Jakub"]
[Result "1-0"]
[WhiteElo "2453"]
[BlackElo "2360"]
[PlyCount "71"]
[EventDate "2011.12.26"]

1. e4 c5 2. Nf3 e6 3. d4 cxd4 4. Nxd4 a6 5. Nc3 Qc7 6. Bd3 Nc6 7. Nxc6 dxc6 8.
O-O e5 9. f4 Bc5+ 10. Kh1 Nf6 11. f5 h5 12. Bg5 Ng4 13. Qe2 Be7 14. Bd2 Bc5 15.
a4 Qe7 16. Qe1 a5 17. Nd1 b6 18. Ne3 Nxe3 19. Bxe3 Bb7 20. f6 gxf6 21. Bxc5
Qxc5 22. Rxf6 O-O-O 23. Qe2 Rd7 24. Raf1 Rh7 25. b3 Kb8 26. Qf3 Rh8 27. Rxf7
Rxf7 28. Qxf7 h4 29. Qf6 Rh7 30. Rf5 Ka7 31. h3 Qe3 32. Qxe5 Rd7 33. Rf8 b5 34.
axb5 c5 35. Qb8+ Kb6 36. Rf6+ 1-0

[Event "Czech Chess Christmas 2011"]
[Site "Litomysl"]
[Date "2011.12.29"]
[Round "5.4"]
[White "Seidl, Stepan"]
[Black "Svana, Peter"]
[Result "0-1"]
[WhiteElo "2144"]
[BlackElo "2258"]
[PlyCount "94"]
[EventDate "2011.12.26"]

1. Nf3 Nf6 2. g3 g6 3. Bg2 Bg7 4. O-O d5 5. d4 O-O 6. c4 dxc4 7. Na3 c5 8. dxc5
Qa5 9. Nxc4 Qxc5 10. b3 Nc6 11. Ba3 Qh5 12. Rc1 Rd8 13. Qe1 Bh3 14. Ne3 Bh6 15.
Bxh3 Qxh3 16. Rxc6 bxc6 17. Bxe7 Nd5 18. Bxd8 Nxe3 19. fxe3 Bxe3+ 20. Kh1 Rxd8
21. Qb1 Qe6 22. Qc2 Re8 23. Qc4 Qxc4 24. bxc4 Bb6 25. Ng5 Re7 26. Rf6 c5 27.
Rf2 h6 28. Nf3 Ba5 29. Ng1 Rb7 30. e4 Rb1 31. Rc2 Re1 32. Kg2 Rxe4 33. Ne2 Bc7
34. Kf3 f5 35. Nc1 Kf7 36. Nb3 Bb6 37. Nc1 g5 38. Nd3 h5 39. Nf2 g4+ 40. Kg2
Rd4 41. Kf1 Bc7 42. Ke2 f4 43. Rc3 f3+ 44. Ke3 h4 45. Ne4 hxg3 46. hxg3 Rd1 47.
Kf2 Be5 0-1

[Event "Czech Chess Christmas 2011"]
[Site "Litomysl"]
[Date "2011.12.29"]
[Round "5.5"]
[White "Ruzicka, Vaclav"]
[Black "Krupa, Monika"]
[Result "0-1"]
[WhiteElo "2065"]
[BlackElo "2235"]
[PlyCount "68"]
[EventDate "2011.12.26"]

1. c4 e5 2. Nc3 Nc6 3. g3 d6 4. Bg2 Be6 5. d3 Qd7 6. e4 g6 7. Be3 Bg7 8. Qd2
Nd4 9. h3 Ne7 10. f4 c6 11. Nge2 Nxe2 12. Nxe2 exf4 13. Nxf4 d5 14. Nxe6 Qxe6
15. cxd5 cxd5 16. O-O O-O 17. Kh2 dxe4 18. dxe4 Rfd8 19. Qf2 Nc6 20. a3 Ne5 21.
Bxa7 Nc4 22. Bc5 Rd2 23. Qg1 Bxb2 24. Rab1 Nxa3 25. Bxa3 Rxa3 26. Rfd1 Rxd1 27.
Qxd1 Be5 28. Rxb7 Rxg3 29. Kh1 Rxh3+ 30. Kg1 Ra3 31. Qf1 Bd4+ 32. Kh1 g5 33.
Bf3 Ra1 34. Rb8+ Kg7 0-1

[Event "Czech Chess Christmas 2011"]
[Site "Litomysl"]
[Date "2011.12.29"]
[Round "5.6"]
[White "Zakharchenko, Arnold"]
[Black "Niemers, Johannes"]
[Result "1-0"]
[WhiteElo "2233"]
[BlackElo "2011"]
[PlyCount "59"]
[EventDate "2011.12.26"]

1. c4 Nf6 2. Nc3 c6 3. e4 d6 4. d4 g6 5. f3 Nbd7 6. Be3 e5 7. d5 Qc7 8. Qd2 h6
9. O-O-O cxd5 10. cxd5 a6 11. Kb1 b5 12. Rc1 Qb8 13. Nh3 Bg7 14. Nf2 h5 15. Nd3
O-O 16. Nb4 Nb6 17. Nc6 Qb7 18. Qf2 Nbd7 19. Bd3 Re8 20. h3 Nb8 21. Na5 Qd7 22.
b4 Bf8 23. g4 Be7 24. Rc2 Bd8 25. Nc6 Nxc6 26. dxc6 Qe6 27. gxh5 Nxh5 28. Nd5
Nf6 29. c7 Nxd5 30. exd5 1-0

[Event "Czech Chess Christmas 2011"]
[Site "Litomysl"]
[Date "2011.12.29"]
[Round "5.7"]
[White "Pulpan, Jakub"]
[Black "Goluch, Piotr"]
[Result "1/2-1/2"]
[WhiteElo "1988"]
[BlackElo "2203"]
[PlyCount "72"]
[EventDate "2011.12.26"]

1. e4 c6 2. c4 e5 3. Nf3 d6 4. Nc3 Nf6 5. d4 Nbd7 6. Be2 Be7 7. O-O O-O 8. h3
Qc7 9. Be3 a6 10. Rc1 Re8 11. Re1 Bf8 12. Bf1 exd4 13. Bxd4 c5 14. Bxf6 Nxf6
15. Nd5 Nxd5 16. exd5 Bd7 17. Qd2 h6 18. Bd3 g6 19. Rxe8 Rxe8 20. Re1 Bg7 21.
b3 Rxe1+ 22. Qxe1 Bf6 23. h4 Kg7 24. g3 b5 25. Kg2 b4 26. h5 Bg4 27. hxg6 fxg6
28. Qe4 Bf5 29. Qe2 Bxd3 30. Qxd3 Qe7 31. Kf1 a5 32. Kg2 Qe8 33. Qe3 Qxe3 34.
fxe3 h5 35. Kh3 g5 36. g4 h4 1/2-1/2